000 00397 a2200109 4500
001 ART_42167
005 20260410161806.0
008 260409a
245 1 0 _aCuestiones sobre la responsabilidad bancaria frente a la información errónea sobre clientes y terceros
100 1 _aCamerini, Marcelo A.
773 0 _tDoctrina Societaria y Concursal
_g- Nº 301 (dic. 2012)
_wREV4298
999 _c21011
_d21011